Proprioception and neuromuscular control in joint stability
Gardado en:
| Main Authors: | , |
|---|---|
| Formato: | Libro |
| Idioma: | inglés |
| Publicado: |
Champaign
Human Kinetics
2000
|
| Edición: | 1a. ed |
| Subjects: | |
| Tags: |
Engadir etiqueta
Sen Etiquetas, Sexa o primeiro en etiquetar este rexistro!
|
MARC
| LEADER | 00000nam a2200000 a 4500 | ||
|---|---|---|---|
| 001 | UCJ1044 | ||
| 003 | CL-VaPUC | ||
| 008 | 060929e20000000US |||||||||||||||||eng|d | ||
| 020 | |a 0880118644 | ||
| 082 | 0 | 4 | |a 612.75 |b LEP |2 21 |
| 100 | 0 | |a Lephart, Scott M |e author |9 501571 | |
| 700 | 0 | |a Fu, Freddie H |e author |9 501572 | |
| 245 | 1 | 0 | |a Proprioception and neuromuscular control in joint stability |
| 250 | |a 1a. ed | ||
| 300 | |a 439 p | ||
| 942 | |c BK | ||
| 945 | |d 20060929 00:00:00 |a cmena | ||
| 260 | |a Champaign |b Human Kinetics |c 2000 | ||
| 650 | 0 | |a Aptitud motora |9 307353 | |
| 650 | 7 | |a SISTEMA SENSORIAL |2 CL-VaPUC |9 391375 | |
| 650 | 0 | |a Sistema nervioso central |9 312521 | |
| 583 | |a last modification |c 20060929 00:00:00 |k Rodrigo Vera | ||
| 999 | |c 317768 |d 317766 | ||
| 952 | |0 0 |1 0 |4 0 |6 612_750000000000000_LEP_2000 |7 0 |8 A |9 394679 |a BIBCUR |b BIBCUR |d 2019-11-22 |i 4220684 |l 1 |o 612.75 LEP 2000 |p 4220684 |r 2025-04-22 |s 2023-08-11 |w 2019-11-22 |y BK |k KIN | ||